Statistics for Furthest pairs of capitals

Click here to take the quiz!

General Stats

  • This quiz has been taken 73 times
  • The average score is 8 of 20

Answers on the Map

Answers color-coded by a green-red scale on the quiz's map according to % correct below.
 

Answer Stats

CapitalMost distant capital% Correct
MadridWellington
87%
LisbonWellington
87%
MontevideoSeoul
63%
BogotáJakarta
58%
AsuncionTaipei
56%
Kuala LumpurQuito
52%
SingaporeQuito
52%
LimaBangkok
50%
MontevideoPyongyang
50%
LimaPhnom Penh
48%
DiliParamaribo
38%
DiliGeorgetown
29%
HoniaraBissau
23%
Port VilaNouakchott
19%
FunafutiOuagadougou
17%
ApiaAbuja
15%
FunafutiAccra
15%
FunafutiLomé
15%
FunafutiYamoussoukro
12%
FunafutiPorto-Novo
10%

Score Distribution

Percentile by Number Answered

Percent of People with Each Score

Your Score History

You have not taken this quiz